000 00303nam a22001337a 4500
020 _a81-87349-03-4
082 _a823
_bBHA/C
100 _aBHATIA, S
245 _aCLASSIC TALES FOR CHILDREN
260 _aDELHI
_bARORA BOOK COMPANY
300 _a47
650 _aCHILDRENS STORY BOOK
_zINDIA
942 _cBK
999 _c8075
_d8075